| 000 | 00756nam a2200205 a 4500 | ||
|---|---|---|---|
| 001 | 000036784 | ||
| 005 | 20200930075932.0 | ||
| 008 | 100511s1966 ag 000 d spa d | ||
| 040 |
_aDO-SdBNP _bspa _cBNPHU |
||
| 082 |
_axxxx _bV422fu |
||
| 100 | 1 |
_aVega, Lope de, _d1562-1635 _93084 |
|
| 245 | 1 | 0 |
_aFuenteovejuna / _cLope de Vega ; estudio preliminar y notas de Raquel Minian de Alfie ; edición de María Hortensia Lacau. |
| 260 |
_aBuenos Aires : _bEditorial Kapelusz, _c1966. |
||
| 300 |
_a127 p. ; _c17 cm. |
||
| 490 | 1 |
_aGrandes obras de la literatura universal _v25 |
|
| 700 | 1 |
_aMinian de Alfie, Raquel. _963121 |
|
| 700 | 1 |
_aHortensia Lacau, María, _eed. _919900 |
|
| 830 | 0 |
_aGrandes obras de la literatura universal ; _v25 _95363 |
|
| 049 | _aBNGR | ||
| 999 |
_c36275 _d36275 |
||